Guess The Dinosaur (Medium) - Statistics

General Stats
  • This quiz has been taken 142 times
  • The average score is 9 of 16
Answer Stats
Picture Answer % Correct
Pachycephalosaurus
92%
Carnotaurus
82%
Kentrosaurus
70%
Styracosaurus
70%
Corythosaurus
68%
Giganotosaurus
68%
Stygimoloch
66%
Pachyrhinosaurus
59%
Baryonyx
55%
Argentinosaurus
54%
Albertosaurus
38%
Edmontosaurus
37%
Dryosaurus
29%
Mamenchisaurus
26%
Megalosaurus
26%
Barosaurus
17%
No matching quizzes found
Score Distribution
Percent of People with Each Score
Percentile by Number Answered
Your Score History
You have not taken this quiz